| 000 | 01183nam a2200265 i 4500 | ||
|---|---|---|---|
| 001 | bg | ||
| 245 | 0 | 0 |
_aFunctional appraisal of agricultural landscape in Europe : _b(Seminar 1992) / _ced. by Lech Ryszkowski and Stanisław Bałazy ; EUROMAB Research Programme and INTECOL. |
| 260 |
_aPoznań : _bResearch Center for Agricultural and Forest Environment Polish Academy of Sciences : _b"Bonami", _c1994. |
||
| 300 |
_a306, [1] s. : _bmapy (w tym kolor), rys., wykr. ; _c24 cm. |
||
| 504 | _aBibliogr. przy ref. | ||
| 650 | 9 |
_aKrajobraz _xochrona _zEuropa |
|
| 650 | 9 |
_aRolnictwo _xekologia _zEuropa |
|
| 650 | 9 |
_aŚrodowisko człowieka _xhigiena i ochrona _zEuropa |
|
| 655 | _aMateriały konferencyjne | ||
| 700 | 1 |
_aRYSZKOWSKI, Lech _d(1931- ). _eRed. |
|
| 700 | 1 |
_aBAŁAZY, Stanisław. _eRed. |
|
| 020 | _a8385274030 ("Bonami") | ||
| 040 | _cBPK | ||
| 041 | 0 | _aeng | |
| 080 | _a631.95:502.6:504](4)(061) | ||
| 920 | _a83-85274-03-0 ("Bonami") | ||
| 942 | _cKS | ||
| 008 | s pl f |000 0 pol | ||
| 999 |
_c42897 _d42897 |
||
| 856 |
_uhttp://koha.tu.koszalin.pl/cgi-bin/koha/opac-detail.pl?biblionumber=42897 _yKatalog online BPK |
||